000 00872nam a2200253Ia 4500
003 OSt
005 20220923224513.0
006 a|||||r|||| 00| 0
007 ta
008 220922b |||||||| |||| 00| 0 mar d
020 _c625
024 _a237,406
037 _b558, 23/03/2009, Vani Prakashan
_cTextual
040 _aARTS
_cARTS
_bmar
041 _2mar
_amar
082 _aO155,2NAL,BB, 152P3
100 _aआलेकर, सतीश; वसंत देव
245 0 _aबेगम बर्वे
246 _aBegam barve
260 _aनई दिल्ली
_b राष्ट्रीय नाटय विद्यालय
_c2003
300 _a95पृ0
_ccm.
942 _hO155,2NAL,BB, 152P3
_cTEXL
_2CC
999 _c371885
_d371885